La Liga players 2015/16 - Statistics

General Stats
  • This quiz has been taken 5 times
  • The average score is 187 of 539
Answer Stats
Rank Player Positions Nationality Matches Goals Assists Clubs % Correct
16 Cristiano Ronaldo MF, FW 36 35 9
100%
3 Jan Oblak GK 38 0 0
100%
179 Karim Benzema FW 27 24 7
100%
73 Lionel Messi MF, FW 33 26 14
100%
124 André Gomes MF 30 2 3
80%
159 Andrés Iniesta MF 28 1 2
80%
1 Antoine Griezmann MF, FW 38 22 4
80%
208 Carlos Castro FW 25 7 0
80%
392 Carlos Martínez DF 10 0 2
80%
228 Casemiro MF 23 1 3
80%
221 Chory Castro MF, FW 24 1 3
80%
83 Claudio Bravo GK 32 0 0
80%
99 Damián Suárez DF, MF 31 0 3
80%
143 Dani Alves DF, MF 29 0 3
80%
66 Daniel Parejo MF 33 8 5
80%
482 Dani Giménez GK 3 0 0
80%
67 Denis Suárez MF, FW 33 4 4
80%
360 Diego Alves GK 13 0 0
80%
102 Diego Godín DF 31 1 1
80%
85 Filipe Luís DF 32 1 4
80%
18 Gerónimo Rulli GK 36 0 0
80%
33 Iago Aspas MF, FW 35 13 3
80%
212 Iñaki Williams MF, FW 25 8 3
80%
127 Iñigo Martínez DF 30 1 0
80%
19 Ivan Rakitić MF 36 7 2
80%
340 Jackson Martínez FW 15 2 3
80%
299 Jaume Costa DF 18 1 1
80%
89 Javier Mascherano DF, MF 32 0 0
80%
21 Jonny Castro DF, MF 36 1 4
80%
177 José María Giménez DF 27 1 1
80%
36 Juanfran DF, MF 35 1 1
80%
37 Juanfran DF, FW 35 1 2
80%
281 Juanfran DF 20 0 1
80%
111 Kévin Gameiro FW 31 16 4
80%
54 Keylor Navas GK 34 0 0
80%
38 Koke MF 35 5 12
80%
23 Lucas Pérez MF, FW 36 17 7
80%
39 Luis Suárez FW 35 40 17
80%
91 Luka Modrić MF 32 2 4
80%
441 Marc-André ter Stegen GK 7 0 0
80%
131 Marcelo DF, MF 30 2 3
80%
216 Mateo Kovačić MF 25 0 2
80%
265 Pepe DF, MF 21 1 1
80%
358 Ricardo Costa DF 14 1 0
80%
327 Roger Martí FW 16 0 0
80%
4 Rubén Castro MF, FW 38 19 4
80%
42 Sergio Busquets MF 35 0 4
80%
92 Toni Kroos MF 32 1 10
80%
156 Yannick Carrasco DF, MF, FW 29 4 1
80%
256 Zé Castro DF 22 2 0
80%
315 Adrián López MF, FW 16 4 4
60%
447 Alberto García GK 6 0 0
60%
80 Alphonse Areola GK 32 0 0
60%
448 Álvaro Arbeloa DF 6 0 0
60%
207 Álvaro Negredo FW 25 5 1
60%
46 Álvaro Vázquez FW 34 5 4
60%
7 Andrés Fernández GK 37 0 0
60%
192 Ángel Correa MF, FW 26 5 4
60%
480 Ángel López DF, MF 3 0 0
60%
13 Antonio Adán GK 36 0 0
60%
296 Arda Turan MF, FW 18 2 3
60%
47 Aritz Aduriz FW 34 20 6
60%
160 Augusto Fernández MF 28 1 1
60%
193 Aymeric Laporte DF 26 3 1
60%
49 Bebé MF, FW 34 3 7
60%
15 Borja Bastón FW 36 18 3
60%
469 Borja Fernández MF 4 0 0
60%
451 Borja Mayoral FW 6 0 0
60%
515 Carlos Fernández MF, FW 1 0 0
60%
161 Carlos Kameni GK 28 0 1
60%
28 Carlos Vela MF, FW 35 5 4
60%
50 Cédric Bakambu FW 34 12 3
60%
247 Dani Carvajal DF 22 0 4
60%
51 Dani Ceballos MF, FW 34 0 2
60%
30 Dani García MF 35 0 0
60%
222 Danilo DF, MF 24 2 5
60%
289 David García DF 19 2 1
60%
174 David Simón DF 27 1 2
60%
69 Diego Llorente DF 33 2 0
60%
275 Enzo Pérez MF 20 0 0
60%
209 Eric Bailly DF 25 0 0
60%
231 Fernando Llorente FW 23 4 3
60%
162 Fran Rico MF 28 2 1
60%
32 Gabi MF 35 1 3
60%
232 Gareth Bale MF, FW 23 19 10
60%
126 Gerard Piqué DF 30 2 1
60%
8 Gorka Iraizoz GK 37 0 0
60%
198 Grzegorz Krychowiak MF 26 0 0
60%
361 Héctor Hernández DF 13 0 1
60%
298 Hernán DF, MF 18 1 0
60%
87 Hernán Pérez MF, FW 32 7 1
60%
501 Iago Herrerín GK 2 0 0
60%
463 Ibai Gómez MF, FW 5 0 0
60%
107 Isma López DF, FW 31 2 0
60%
88 Iván Cuéllar GK 32 0 2
60%
362 Iván López DF 13 0 0
60%
199 James Rodríguez MF, FW 26 7 8
60%
108 Javi López DF, MF 31 0 2
60%
261 Jérémy Mathieu DF 21 0 2
60%
163 Jesé MF, FW 28 5 6
60%
164 João Cancelo DF, MF 28 1 4
60%
34 John Guidetti MF, FW 35 7 1
60%
364 Jonathan Rodríguez MF, FW 13 0 0
60%
110 Jordi Alba DF, MF 31 0 6
60%
382 José Mari MF 12 0 0
60%
145 Juanpi MF, FW 29 4 1
60%
90 Juan Rodríguez MF 32 0 1
60%
476 Kiko Casilla GK 4 0 0
60%
398 Lucas Hernández DF 10 0 0
60%
215 Lucas Vázquez DF, MF, FW 25 4 6
60%
24 Luis Hernández DF 36 0 0
60%
55 Marco Asensio MF, FW 34 4 8
60%
504 Marcos Llorente DF, MF, FW 2 0 0
60%
310 Mikel Rico MF 17 1 1
60%
57 Mikel San José DF, MF 34 2 3
60%
250 Moi Gómez MF, FW 22 2 3
60%
251 Nacho DF 22 0 0
60%
324 Nacho DF 16 0 0
60%
133 Nemanja Radoja DF, MF 30 0 1
60%
58 Neymar MF, FW 34 24 10
60%
434 Nicolás López MF, FW 8 0 0
60%
148 Nolito MF, FW 29 12 6
60%
263 Óliver Torres MF, FW 21 0 2
60%
59 Óscar de Marcos DF, FW 34 1 3
60%
75 Pablo Hernández MF, FW 33 2 4
60%
182 Pablo Hernández MF, FW 27 3 4
60%
302 Pablo Pérez MF, FW 18 0 1
60%
134 Papakouli Diop MF 30 3 1
60%
456 Pape Cheikh Diop MF 6 0 0
60%
25 Pau López GK 36 0 0
60%
116 Pedro León MF, FW 31 2 4
60%
205 Raphaël Varane DF, MF 26 0 0
60%
117 Raúl García MF, FW 31 7 6
60%
508 Rober DF, MF 2 0 0
60%
445 Rober Correa DF 7 0 0
60%
167 Roberto Soldado FW 28 5 10
60%
494 Rodri MF 3 0 0
60%
414 Rodrigo De Paul MF, FW 9 0 0
60%
254 Rubén García MF, FW 22 1 0
60%
118 Rubén Pérez MF 31 0 2
60%
328 Samu García MF, FW 16 2 1
60%
119 Saúl Ñíguez DF, MF 31 4 2
60%
120 Sergi Gómez DF 31 0 1
60%
241 Sergio Ramos DF 23 2 2
60%
62 Sergio Rico GK 34 0 0
60%
121 Sergi Roberto DF, MF 31 0 4
60%
383 Stefan Savić DF, MF 12 0 0
60%
376 Thomas Partey DF, MF 13 2 1
60%
268 Vicente Gómez MF 21 1 1
60%
78 Víctor Rodríguez MF, FW 33 2 2
60%
155 Víctor Sánchez DF, MF 29 1 6
60%
140 Willian José FW 30 9 1
60%
227 Adalberto Peñaranda MF, FW 23 5 3
40%
157 Adil Rami DF 28 0 1
40%
385 Adrián Marín DF, MF 11 0 0
40%
332 Alberto de la Bella DF 15 0 2
40%
406 Aleix Vidal DF, MF, FW 9 0 1
40%
95 Alejandro Arribas DF 31 2 0
40%
10 Alen Halilović MF, FW 36 3 5
40%
45 Alfred N'Diaye DF, MF 34 2 0
40%
438 Anaitz Arbilla DF 7 0 0
40%
316 Ander Iturraspe MF 16 0 1
40%
306 Antonio Amaya DF 17 1 1
40%
334 Antonio Luna DF, FW 15 0 1
40%
142 Antonio Sanabria MF, FW 29 11 1
40%
348 Arthur Boka DF 14 0 0
40%
48 Asier Riesgo GK 34 0 0
40%
219 Benoît Trémoulinas DF 24 0 3
40%
317 Bernardo Espinosa DF 16 1 0
40%
467 Beto GK 4 0 0
40%
220 Celso Borges MF, FW 24 3 2
40%
29 Charles FW 35 12 3
40%
394 Claudio Beauvue MF, FW 10 1 0
40%
173 Dani Castellano DF, MF 27 0 0
40%
288 Danilo Barbosa DF, MF 19 0 0
40%
336 Dani Ndi MF 15 1 0
40%
100 David Juncà DF 31 0 4
40%
274 David Navarro DF 20 0 0
40%
409 Denis Cheryshev MF, FW 9 3 1
40%
68 Deyverson FW 33 9 1
40%
259 Dimitri Foulquier DF, MF 21 1 1
40%
519 Douglas DF 1 0 0
40%
103 Duje Čop FW 31 7 3
40%
71 Fabián Orellana MF, FW 33 7 6
40%
379 Fabián Ruiz Peña MF 12 0 1
40%
2 Fayçal Fajr MF, FW 38 5 3
40%
104 Felipe Caicedo MF, FW 31 8 0
40%
31 Fernando Navarro DF 35 0 2
40%
125 Fernando Torres FW 30 11 4
40%
499 Gaël Kakuta MF, FW 2 0 0
40%
86 Gerard Moreno MF, FW 32 7 3
40%
144 Germán Lux GK 29 0 0
40%
211 Germán Pezzella DF 25 3 1
40%
308 Giuseppe Rossi FW 17 6 3
40%
52 Gonzalo Escalante MF 34 3 1
40%
105 Gustavo Cabral DF 31 0 0
40%
233 Ignacio Camacho MF 23 2 1
40%
277 Iker Muniain MF, FW 20 2 0
40%
278 Iñigo Lekue DF, MF, FW 20 1 0
40%
426 Ion Ansotegi DF 8 0 0
40%
381 Isaac Cuenca MF, FW 12 2 2
40%
128 Isaac Success MF, FW 30 6 3
40%
106 Isco MF, FW 31 3 5
40%
234 Iván Ramis DF 23 0 1
40%
526 Javi Castellano DF, MF 1 0 0
40%
410 Joan Jordán MF 9 1 0
40%
201 Jonathan dos Santos MF 26 0 1
40%
20 Jonathan Viera MF, FW 36 10 8
40%
279 José Luis Gayà DF, MF 20 0 0
40%
35 José Luis Morales MF, FW 35 7 4
40%
368 Jota MF, FW 13 0 0
40%
323 Lass Bangoura MF, FW 16 0 1
40%
530 Lévy Madinda MF 1 0 0
40%
399 Lucas Orbán DF 10 0 0
40%
293 Luciano Vietto MF, FW 19 1 3
40%
431 Manu GK 8 0 0
40%
165 Manucho FW 28 4 1
40%
454 Manuel Iturra MF 6 0 0
40%
490 Manuel Pablo DF 3 0 0
40%
370 Marc Bartra DF, MF 13 2 1
40%
356 Marcelo Díaz MF 14 0 1
40%
237 Mariano DF, MF 23 0 3
40%
505 Mariano Barbosa GK 2 0 0
40%
74 Mario Gaspar DF, MF 33 2 2
40%
283 Markel Bergara MF 20 1 0
40%
373 Mateo Musacchio DF 13 1 0
40%
432 Mathew Ryan GK 8 0 0
40%
400 Mauricio Lemos DF, MF 10 0 0
40%
113 Mauro dos Santos DF 31 0 1
40%
114 Mehdi Lacen MF 31 0 0
40%
239 Miguel Torres DF 23 0 2
40%
248 Mikel Oyarzabal MF, FW 22 6 1
40%
249 Miku FW 22 9 4
40%
342 Munir El Haddadi MF, FW 15 3 2
40%
132 Nabil El Zhar MF, FW 30 2 4
40%
532 Néstor Díaz GK 1 0 0
40%
507 Nicolás Pareja DF 2 0 0
40%
357 Óscar Duarte DF 14 1 0
40%
181 Pablo Fornals MF, FW 27 1 0
40%
115 Pablo Sarabia MF, FW 31 7 5
40%
60 Paco Alcácer FW 34 13 6
40%
444 Rafael van der Vaart MF 7 0 0
40%
457 Rafinha MF, FW 6 1 0
40%
149 Raúl Albentosa DF 29 2 0
40%
226 Rene Krhin MF, FW 24 0 0
40%
326 Ricky van Wolfswinkel MF, FW 16 1 2
40%
40 Roberto Rosales DF, MF 35 0 4
40%
26 Roberto Trashorras MF 36 2 7
40%
217 Rodrigo MF, FW 25 2 3
40%
61 Roque Mesa MF 34 1 2
40%
314 Roque Santa Cruz FW 17 2 1
40%
253 Rubén Duarte DF 22 0 1
40%
255 Sabin Merino MF, FW 22 5 0
40%
509 Salva Ruiz DF 2 0 0
40%
169 Samu Castillejo MF, FW 28 1 1
40%
185 Santi Mina MF, FW 27 4 1
40%
534 Sergi Darder MF 1 0 0
40%
5 Sergi Enrich MF, FW 38 9 6
40%
122 Sergio Álvarez GK 31 0 0
40%
186 Sergio Álvarez DF, MF 27 2 2
40%
136 Sergio Araujo MF, FW 30 5 2
40%
535 Sergi Samper MF 1 0 0
40%
137 Shkodran Mustafi DF 30 2 0
40%
77 Sidnei DF 33 0 0
40%
267 Sofiane Feghouli MF, FW 21 1 1
40%
63 Stefan Šćepović FW 34 6 1
40%
170 Steven Nzonzi MF 28 3 1
40%
510 Stipe Pletikosa GK 2 0 0
40%
187 Takashi Inui MF, FW 27 3 3
40%
188 Tana MF, FW 27 5 4
40%
242 Theo Bongonda MF, FW 23 2 1
40%
446 Thievy Bifouma MF, FW 7 0 0
40%
404 Thomas Vermaelen DF 10 1 0
40%
359 Tiago Mendes MF 14 1 1
40%
152 Tito DF 29 1 4
40%
190 Toño DF, MF, FW 27 0 1
40%
405 Toño GK 10 0 0
40%
6 Vicente Guaita GK 38 0 0
40%
154 Vicente Iborra MF 29 7 2
40%
191 Víctor Álvarez DF, MF 27 1 2
40%
43 Víctor Ruiz DF, MF 35 0 0
40%
141 Xabier Etxeita DF 30 0 1
40%
465 Xabi Irureta GK 5 0 0
40%
27 Xabi Prieto MF 36 3 3
40%
384 Xavi Torres DF, MF 12 0 0
40%
93 Yevhen Konoplyanka MF, FW 32 4 2
40%
44 Youssef El-Arabi FW 35 16 1
40%
330 Zakaria Bakkali MF, FW 16 1 3
40%
172 Zouhair Feddal DF, MF 28 1 1
40%
331 Abdoulaye Doucouré MF, FW 15 0 2
20%
270 Abraham González MF 20 1 1
20%
305 Aderlan Santos DF 17 0 0
20%
79 Adrián González MF, FW 32 4 0
20%
417 Adriano DF, MF 8 0 1
20%
158 Adri Embarba MF, FW 28 2 3
20%
478 Ager Aketxe MF 3 0 0
20%
94 Alberto Lora DF, MF 31 0 4
20%
271 Aleksandar Pantić DF 20 0 0
20%
244 Álex Bergantiños MF 22 2 1
20%
333 Alexis DF 15 1 0
20%
495 Alfonso Pedraza DF, MF, FW 2 0 0
20%
11 Álvaro González DF 36 0 1
20%
449 Álvaro Pereira DF, MF 6 0 0
20%
479 Álvaro Vadillo MF, FW 3 0 0
20%
12 Ander Capa DF, MF, FW 36 2 4
20%
439 Andreu Fontàs DF 7 1 0
20%
347 Ángel Lafita MF, FW 14 3 2
20%
218 Antonio Barragán DF, MF 24 0 0
20%
295 Antonio Rukavina DF 18 0 0
20%
96 Aritz Elustondo DF 31 1 0
20%
65 Asier Illarramendi MF 33 1 1
20%
245 Aymen Abdennour DF 22 0 0
20%
14 Beñat Etxebarria MF 36 1 6
20%
496 Bojan Jokić DF, MF 2 0 0
20%
468 Borja Ekiza DF 4 0 0
20%
408 Borja Viguera FW 9 0 0
20%
81 Bruma MF, FW 32 2 1
20%
82 Bruno González DF 32 0 0
20%
98 Bruno Soriano MF 31 5 1
20%
194 Burgui MF, FW 26 1 3
20%
195 Carles Planas DF 26 0 2
20%
273 Carlos Carmona MF, FW 20 2 3
20%
335 Carlos Gurpegui DF, MF 15 0 0
20%
420 Ciro Immobile FW 8 2 0
20%
258 Coke DF, MF 21 1 1
20%
319 Cristiano Piccini DF 16 0 0
20%
470 Curro MF, FW 4 0 1
20%
351 Daniel Carriço DF, MF 14 1 1
20%
352 Daniele Bonera DF 14 0 0
20%
17 Daniel Wass DF, MF 36 2 5
20%
353 David Barral FW 14 0 0
20%
516 David Carmona DF 1 0 0
20%
320 David Zurutuza MF 16 1 3
20%
497 Diego González DF 2 1 0
20%
461 Diego Mainz DF 5 0 0
20%
229 Diego Mariño GK 23 0 0
20%
175 Diego Reyes DF, MF 27 2 0
20%
471 Diogo Figueiras DF, MF 4 0 0
20%
196 Duda DF, FW 26 1 1
20%
453 Eddy Silvestre MF 6 0 0
20%
337 Édgar Méndez MF, FW 15 1 0
20%
307 Emi Buendía MF, FW 17 1 1
20%
386 Emiliano Velázquez DF 11 3 0
20%
230 Eneko Bóveda DF 23 0 0
20%
462 Enrique Sola FW 5 0 0
20%
70 Enzo Roco DF 33 2 0
20%
338 Esteban Granero MF 15 0 0
20%
210 Éver Banega MF 25 5 2
20%
197 Federico Cartabia MF, FW 26 3 3
20%
424 Federico Ricca DF, MF 8 1 1
20%
354 Francisco Varela DF 14 0 1
20%
521 Fran Villalba MF, FW 1 0 0
20%
483 Gerard Gumbau MF 3 0 0
20%
484 Giedrius Arlauskis GK 3 0 0
20%
387 Gorka Elustondo DF, MF 11 1 0
20%
339 Guilherme Siqueira DF, MF 15 0 0
20%
388 Guillermo Ochoa GK 11 0 0
20%
276 Heiko Westermann DF, MF 20 1 0
20%
53 Hugo Mallo DF 34 1 4
20%
486 Ikechukwu Uche FW 3 0 0
20%
321 Imanol Agirretxe FW 16 13 0
20%
309 Jaume Doménech GK 17 0 0
20%
473 Javier Ontiveros MF, FW 4 0 0
20%
200 Javi Fuego MF 26 0 0
20%
129 Javi Guerra FW 30 12 0
20%
291 Javi Márquez MF 19 0 1
20%
213 Jean-Sylvain Babin DF 25 3 0
20%
72 Jefferson Lerma DF, MF 33 1 2
20%
528 Jesús GK 1 0 0
20%
363 Joan Verdú MF 13 1 1
20%
176 Jonathas FW 27 7 2
20%
474 Jon Bautista MF, FW 4 1 0
20%
22 Jony DF, MF, FW 36 5 6
20%
365 Jordi Xumetra MF, FW 13 0 0
20%
223 José Antonio Reyes MF 24 1 1
20%
367 Joseba Zaldúa DF 13 0 0
20%
178 Jozabed MF 27 10 2
20%
464 Juan Domínguez MF 5 0 0
20%
280 Juan Manuel Vargas DF, MF 20 2 2
20%
430 Juan Muñoz MF, FW 8 1 0
20%
301 Karim Yoda MF 18 0 0
20%
236 Laure DF 23 0 0
20%
202 Léo Baptistão MF, FW 26 3 1
20%
397 Lillo DF 10 0 0
20%
147 Luis Alberto MF, FW 29 6 7
20%
489 Luis Fariña MF, FW 3 0 0
20%
282 Luisinho DF 20 0 0
20%
112 Manu Trigueros MF, FW 31 2 1
20%
442 Marco Andreolli DF 7 0 1
20%
166 Markel Susaeta MF, FW 28 3 7
20%
372 Martín Montoya DF, MF 13 0 1
20%
433 Matías Kranevitter MF 8 0 0
20%
284 Matías Nahuel MF, FW 20 0 1
20%
374 Mauricio Cuero MF, FW 13 0 1
20%
180 Michael Krohn-Dehli MF, FW 27 1 3
20%
491 Miguel Ángel DF 3 0 0
20%
492 Miguel Filipe Nunes Cardoso MF, FW 3 0 1
20%
455 Mikel Arruabarrena FW 6 1 0
20%
56 Mikel Balenziaga DF 34 0 3
20%
294 Mikel González DF 19 0 0
20%
240 Momo MF, FW 23 0 3
20%
285 Nabil Ghilas MF, FW 20 0 1
20%
224 Nacho Cases MF 24 1 0
20%
531 Nacho Monsalve DF 1 0 0
20%
375 Nordin Amrabat MF, FW 13 0 1
20%
252 Oriol Riera FW 22 2 0
20%
264 Pablo Piatti MF, FW 21 0 0
20%
412 Patrick Ebert MF, FW 9 0 0
20%
183 Pedro Bigas DF, MF 27 3 0
20%
311 Pedro López Muñoz DF 17 1 0
20%
9 Pedro Mosquera MF 37 0 2
20%
135 Petros MF 30 1 1
20%
325 Piti MF, FW 16 2 2
20%
225 Raúl Baena MF 24 1 1
20%
402 Răzvan Raț DF 10 0 0
20%
76 Recio MF 33 0 4
20%
312 Ricardo Horta MF, FW 17 0 0
20%
304 Robert Ibáñez MF, FW 18 0 1
20%
437 Rubén Blanco GK 8 0 0
20%
168 Rubén Pardo MF, FW 28 0 5
20%
41 Rubén Rochina MF, FW 35 6 5
20%
343 Rúben Vezo DF 15 0 0
20%
345 Salva Sevilla MF 15 1 0
20%
403 Sandro Ramírez MF, FW 10 0 1
20%
150 Saúl Berjón MF, FW 29 4 4
20%
266 Sebastián Cristóforo MF 21 0 1
20%
477 Sergio Asenjo GK 4 0 0
20%
329 Sergio Canales MF, FW 16 0 0
20%
346 Sergio Escudero DF, MF 15 1 1
20%
138 Simão Mate Junior DF, MF 30 1 0
20%
151 Timothée Kolodziejczak DF 29 0 0
20%
189 Tomás Pina Isla MF 27 0 1
20%
153 Verza MF 29 2 3
20%
64 Víctor Camarasa MF 34 2 3
20%
243 Víctor Casadesús FW 23 3 1
20%
171 Vitolo MF, FW 28 2 4
20%
286 Wakaso MF 20 1 0
20%
139 Weligton Oliveira DF 30 0 1
20%
269 Yuri Berchiche DF, FW 21 0 4
20%
539 Zhang Chengdong DF, FW 1 0 0
20%
390 Adnane Tighadouini MF, FW 10 1 0
0%
512 Alberto Guitián DF 1 0 0
0%
391 Alberto Lopo DF 10 0 0
0%
460 Álex Barrera MF 5 0 0
0%
257 Álex Menéndez DF 21 2 1
0%
123 Álvaro Cejudo MF 30 1 2
0%
272 Álvaro Medrán MF 20 2 1
0%
513 Ander Gayoso DF 1 0 0
0%
407 Ángel Montoro MF 9 0 0
0%
418 Ángel Trujillo DF 8 0 0
0%
450 Antolín Alcaraz DF 6 1 0
0%
514 Antonio Cotán MF 1 0 0
0%
466 Antonio Raillo DF 4 0 0
0%
481 Aras Özbiliz MF, FW 3 0 1
0%
97 Aythami Artiles DF 31 0 1
0%
419 Bernard Mensah MF 8 0 0
0%
246 Cala DF 22 1 1
0%
297 Cani MF 18 0 0
0%
349 Carl Medjani DF, MF 14 1 0
0%
350 Carlos Vigaray DF 14 1 1
0%
318 Charly Musonda Jr. MF 16 1 1
0%
393 Chechu DF 10 0 0
0%
377 Christian Atsu MF, FW 12 2 0
0%
84 Cristiano Biraghi DF, MF 32 0 1
0%
517 David Goldar DF 1 0 0
0%
101 David Lombán DF 31 0 0
0%
452 Dejan Dražić MF 6 0 0
0%
421 Didier Digard MF 8 0 0
0%
518 Diego Alende DF 1 0 0
0%
422 Dória DF 8 0 0
0%
423 Egor Filipenko DF 8 0 0
0%
378 Emmanuel Culio MF 12 0 1
0%
520 Eneko Capilla MF 1 0 0
0%
498 Fábio Espinho MF 2 0 0
0%
472 Federico Fazio DF 4 0 0
0%
380 Fernando Tissone MF 12 0 0
0%
425 Foued Kadir MF 8 0 0
0%
260 Francisco Molinero DF 21 0 1
0%
290 Francisco Portillo MF, FW 19 0 0
0%
522 Hachim Mastour MF, FW 1 0 0
0%
500 Henok Goitom FW 2 0 0
0%
485 Hugo Fraile MF, FW 3 0 0
0%
523 Ian Gonzalez Nieto FW 1 0 0
0%
502 Igor Lichnovsky DF 2 0 0
0%
524 Igor Zubeldia DF, MF 1 0 0
0%
525 Imanol Corral DF 1 0 0
0%
503 Iñigo Barrenetxea MF 2 0 0
0%
440 Izet Hajrović MF, FW 7 0 0
0%
322 Javier Eraso MF, FW 16 2 1
0%
300 Javier Garrido DF 18 0 1
0%
527 Javi Noblejas DF 1 0 0
0%
109 Javi Varas GK 31 0 0
0%
395 Jesús Gámez DF 10 0 0
0%
130 Joaquín MF, FW 30 1 5
0%
341 Jonás Gutiérrez MF 15 0 1
0%
427 Joni Montiel MF 8 0 0
0%
487 Jordi DF 3 0 0
0%
214 Jorge Meré DF 25 0 0
0%
235 Jorge Molina FW 23 1 1
0%
411 José Ángel Crespo DF 9 0 0
0%
366 José Cañas MF 13 0 0
0%
529 Jose Matos DF 1 0 0
0%
428 Josep Señé MF 8 0 1
0%
429 Josip Radošević MF 8 0 0
0%
262 Juan Carlos GK 21 0 0
0%
369 Juan Carlos Valerón MF 13 0 0
0%
292 Juankar DF, FW 19 1 2
0%
475 Juan Muñiz MF 4 0 0
0%
396 Juan Rafael Fuentes DF 10 0 0
0%
146 Keko MF, FW 29 3 3
0%
488 Leandro Damião FW 3 0 0
0%
355 Mamadou Sylla MF, FW 14 0 0
0%
371 Marcos Angeleri DF 13 0 0
0%
506 Michaël Ciani DF 2 0 0
0%
238 Miguel Ángel Guerrero MF, FW 23 2 1
0%
203 Miguel Lopes DF 26 0 1
0%
401 Nauzet Alemán MF 10 0 0
0%
533 Nikolaos Karabelas DF 1 0 0
0%
435 Nili DF 8 0 0
0%
389 Ognjen Vranješ DF 11 0 0
0%
493 Oier Olazábal GK 3 0 0
0%
204 Omar Mascarell DF, MF 26 0 1
0%
443 Paco Montañés MF, FW 7 0 0
0%
184 Quini DF, MF 27 0 2
0%
303 Rachid Aït-Atmane MF 18 0 2
0%
436 Raúl Lizoain GK 8 0 0
0%
413 Roberto Canella DF 9 0 0
0%
313 Roberto Lago DF, MF 17 0 2
0%
344 Rubén GK 15 0 0
0%
206 Santiago Vergini DF 26 0 0
0%
536 Sergio Mendigutxia FW 1 0 0
0%
415 Simone Verdi MF, FW 9 0 0
0%
537 Sito MF 1 0 0
0%
538 Tropi MF 1 0 0
0%
458 Uche Henry Agbo MF 6 0 0
0%
459 Vincenzo Rennella FW 6 1 0
0%
287 Wanderson MF, FW 20 0 0
0%
511 Wilfried Zahibo MF 2 0 0
0%
416 Yoel GK 9 0 0
0%
No matching quizzes found
Score Distribution
Percent of People with Each Score
Percentile by Number Answered
Your Score History
You have not taken this quiz